| 000 | 00895nam a2200265 u 4500 | ||
|---|---|---|---|
| 005 | 20210223132557.0 | ||
| 008 | 150310s2004 mx r 000 0 spa d | ||
| 020 | _a9684180934 | ||
| 035 | _aUPN01000202421 | ||
| 049 | _aI | ||
| 050 | 4 |
_aQK49 _bA7.2 |
|
| 245 | 0 | 0 |
_aArboles y flores / _ccoord. María Aurora Aguilar ; tr. Magda Benuzillo. |
| 260 |
_aMéxico : _bCulturales Internacionales, _c2004. |
||
| 300 |
_a87 p. : _bil. col. |
||
| 440 | 0 | _aPrimera biblioteca infantil de aprendizaje | |
| 500 | _aA la cabeza de la portada dice: "Time Life Learning" | ||
| 534 |
_pTítulo original: _tFlowers and trees |
||
| 650 | 4 |
_aPLANTAS - _xCULTIVO _91127 |
|
| 650 | 4 |
_aARBOLES - _xCULTIVO Y REPRODUCCION _97097 |
|
| 650 | 4 |
_aFLORICULTURA _915433 |
|
| 650 | 4 |
_aPREGUNTAS Y RESPUESTAS INFANTILES _95027 |
|
| 700 | 1 |
_aAguilar, María Aurora, _ecoord. |
|
| 905 | _aInfantil | ||
| 999 |
_c174522 _d174522 |
||